| 000 | 00000nam##2200000za#4500 |
| 001 | 9.630581 |
| 003 | CaOODSP |
| 005 | 20220328113256 |
| 007 | cr ||||||||||| |
| 008 | 150407|2001||||xxc|||||o f|0| 0 fre|d |
| 020 | |a0-662-85579-5 |
| 040 | |aCaOODSP|bfre |
| 043 | |an-cn--- |
| 086 | 1 |aC2-552/2001F-PDF |
| 110 | 1 |aCanada. |bIndustrie Canada. |
| 245 | 10|aInvitation à participer au projet pilote de location-acquisition : |h[ressource électronique]|bLoi sur le financement des petites entreprises du Canada |
| 260 | |aOttawa - Ontario : |bIndustrie Canada |cSeptembre 2001. |
| 300 | |a10p.|bphotographies |
| 500 | |aLe n° de catalogue (C2-552/2001) et l'ISBN (0-662-65580-X) de l'édition imprimée bilingue ont été incorrectement copiés dans l'édition électronique. |
| 590 | |a11-28-Supp|b2011-11-17 |
| 691 | 07|aContrat|2gcpds |
| 691 | 07|aInvestissement|2gcpds |
| 691 | 07|aPetite entreprise|2gcpds |
| 775 | 08|tAn invitation to participate in capital leasing : |w(CaOODSP)9.686013 |
| 776 | 0#|tAn invitation to participate in Capital Leasing |w(CaOODSP)9.662637 |
| 776 | 0#|tInvitation à participer au Projet pilote de location-acquisition |w(CaOODSP)9.662638 |
| 856 | 40|ahttp://publications.gc.ca|qPDF|s265 Ko|uhttps://publications.gc.ca/collections/Collection/C2-552-2001F.pdf |
| 986 | |a53366B |